Ensayos sobre un nuevo humanismo: Genes y memes en la era planetaria

Gardado en:
Detalles Bibliográficos
Autor Principal: Gutiérrez Carranza, Claudio
Formato: Libro
Idioma:Undetermined
Publicado: San José, Costa Rica EUNED 2006
Materias:
Etiquetas: Engadir etiqueta
Sen Etiquetas, Sexa o primeiro en etiquetar este rexistro!

MARC

LEADER 00000nam a2200000Ia 4500
008 170316s9999 xx 000 0 und d
090 |a 100 G-66en 
100 |a Gutiérrez Carranza, Claudio 
245 |a Ensayos sobre un nuevo humanismo: Genes y memes en la era planetaria 
260 |a San José, Costa Rica 
260 |b EUNED 
260 |c 2006 
300 |a 444 páginas 
650 |a FILOSOFÍA 
650 |a HUMANISMO 
650 |a VIDA - EVOLUCIÓN 
650 |a RAZÓN - LENGUAJE 
650 |a LA QUIMICA DE LA VIDA 
999 |c 16385  |d 16385 
040 |a cru BVZT 
942 |c 15 D  |h 100 G-66en  |2 z